Gilmore Girls - Statistics

General Stats
  • This quiz has been taken 311 times
  • The average score is 9 of 15
Answer Stats
question answer % Correct
lorelai's dog paul anka
89%
rory's dream college harvard
88%
ave. number of episodes each season 22
80%
lorelai's inn dragonfly inn
77%
where does emily live hartford
77%
first child of sookie davey
73%
guy lorelai met at chilton max
70%
mrs kim's shop kim's antiques
66%
play at chilton romeo and juliet
66%
girl that dean married lindsay
64%
emily changes all the time maids
53%
lorelai's most random phrase oy with the poodles already
45%
lorelai's pet that died hamster
42%
what did rory shoplift cornflour
19%
lorelai's favourite food pie
7%
No matching quizzes found
Score Distribution
Percent of People with Each Score
Percentile by Number Answered
Your Score History
You have not taken this quiz